000 01045cam a22002654a 4500
999 _c18888
_d18888
001 12879361
005 20170114103636.0
008 020801s2002 caua c 000 0 eng
010 _a 2002031963
020 _a1580084397 (paper with flaps)
050 0 0 _aND237.H755A4 2002
100 1 _aHopper, Pegge.
245 1 0 _aWomen of Hawai'i /
_cPegge Hopper.
260 _aBerkeley, CA :
_bTen Speed Press,
_cc2002.
300 _a120 p. :
_bcol. ill. ;
_c26 cm.
600 1 0 _aHopper, Pegge
_vCatalogs.
650 0 _aHawaiian women in art
_vCatalogs.
942 _2lcc
_cBOOKS
_hND237.H755A4 2002